01426nmc a2200421 a 4500003000900000005001700009008004100026040001300067100002600080245003700106260003200143300001100175490002500186500026500211600003700476600003200513600001600545600001900561600002300580600001800603600001900621600002600640650002200666650002300688650001500711650002300726650001400749650001500763650002300778650001500801650001900816650001800835655001500853942000700868998001000875999001500885952010400900AR-BaBNM20251128204624.0256019s1969 ||||||||||||||000 | spa|| cAR-BaBNM1 aCúneo, Dardod1914-10aEnsayos de concordia y discordia aBuenos AiresbGalernac19690 a242 p. 0aSerie mayor: Ensayos0 aEste libro compuesto con textos de diferentes fechas obedece a un conjunto de temas centrales en la investigación de su autor. En Cuadernos Americanos de México aparecieron Unamuno y la universalidad socialista mayo-junio 1948 y Fernando de los Ríos y la14aRilke, Rainer Maríad1875-192614aGoethe, Johann Wolfgang von14aKeats, John14aPeguy, Charles14aUnamuno, Miguel de14aWhitman, Walt14aFichte, Hubert14aRios, Fernando de Los 4aCRITICA LITERARIA 4aANALISIS LITERARIO 4aIDEOLOGIAS 4aANALISIS HISTORICO 4aHUMANISMO 4aDEMOCRACIA 4aIDENTIDAD NACIONAL 4aESCRITORES 4aVIDA LITERARIA 4aVIDA POLITICA aLITERATURA cBK cisola c8127d8127 00102ddc405171aLPLbLPLd2025-11-28l0o82.09 CUNp094460r2025-11-28 20:46:24w2025-11-28yBK